| 000 | 00763nam a2200229 a 4500 | ||
|---|---|---|---|
| 001 | 000019106 | ||
| 005 | 20200929165926.0 | ||
| 008 | 100525s1952 sp 000 0 spa d | ||
| 040 |
_aDO-SdBNP _bspa _cBNPHU |
||
| 041 | 1 | 7 |
_aspa _heng _2Código de idioma MARC |
| 082 |
_a636.71 _bB696p |
||
| 100 | 1 |
_aBommier, R., _941115 |
|
| 245 | 1 | 3 |
_aEl perro de raza / _cR. Bommier ; versión española y apéndice de J. Labandera. |
| 250 | _a3a ed. revisada | ||
| 260 |
_aBarcelona ; _aBuenos Aires : _bMontesó, _c1952. |
||
| 300 |
_a232 p. : _bil. ; _c23 cm. |
||
| 504 | _aIncluye referencias bibliográficas y notas al pie de las páginas. | ||
| 650 | 4 |
_aRazas de perros _923940 |
|
| 700 | 1 |
_aLabandera, J., _941116 |
|
| 910 | _aCatalogación original | ||
| 049 | _aBNGR | ||
| 999 |
_c18624 _d18624 |
||